000 01003nam a22003137a 4500
003 CHAP
005 20220329140251.0
008 971013s1978 r 00010 d
010 _a49474
011 _a50446
035 _a54596
040 _cCHAP
090 _aFolleto 6838
100 0 0 _aRobinson, J. B. D.
_997993
245 _aFluorine ; its occurrence, analysis, effect on plants, diagnosis and control
260 _aSlough :
_bCommonwealth Agricultural Burezux,
_c1978
300 _a36 p.
490 _aSpecial publication
_v; 6
590 _aBATCH-UPD
_b10
_c20130110
_lUCH01
_h0726
590 _aBATCH-UPD
_b10
_c20130110
_lUCH01
_h2346
590 _aBATCH-UPD
_b10
_c20130410
_lUCH01
_h0410
590 _aBATCH-UPD
_b10
_c20130914
_lUCH01
_h1421
590 _aCONVERSION
_b10
_c20130109
_lUCH01
_h1327
650 1 4 _aFlĂșor en plantas.
_941882
830 0 _aSpecial publication
_v; 6
_9109152
901 _aBK
942 _cFOLL
949 _aFolleto 6838
_bBC
_cFOLL
_d-120349
_eTS1
_i54596
_si
_t240.00
999 _c49474
_d49474